Devinez la Capitale Mystère #86 - Statistiques

Statistiques générales
  • Ce quiz a été pris 132 fois
  • Le résultat moyen est 24 sur 35
Statistiques - réponses
Type de Réponse Réponse % Correct
Lettre de l'Alphabet S
100%
Lettre Trouvée I
99%
Lettre de l'Alphabet A
98%
Lettre Trouvée O
98%
Lettre de l'Alphabet R
98%
Lettre de l'Alphabet N
97%
Lettre de l'Alphabet E
96%
Lettre de l'Alphabet L
94%
Lettre de l'Alphabet B
93%
Lettre Trouvée T
92%
Lettre Trouvée P
89%
Lettre Trouvée U
89%
Lettre Trouvée M
86%
Lettre de l'Alphabet C
83%
Lettre de l'Alphabet D
83%
Lettre de l'Alphabet G
83%
Lettre de l'Alphabet K
80%
Lettre de l'Alphabet W
77%
Lettre Trouvée H
74%
Lettre de l'Alphabet V
63%
Lettre de l'Alphabet Y
63%
Lettre Bien Placée T
60%
Lettre Bien Placée I
54%
Lettre de l'Alphabet X
50%
Lettre de l'Alphabet J
46%
Lettre Bien Placée O
44%
Lettre de l'Alphabet Z
39%
Lettre Bien Placée U
37%
Lettre de l'Alphabet F
36%
Lettre Bien Placée H
36%
Lettre de l'Alphabet Q
34%
Lettre Bien Placée M
28%
Lettre Bien Placée P
27%
Lettre Bien Placée H
26%
Capitale Mystère Thimphou
26%
Aucun quiz correspondant
Distribution des résultats
% des personnes avec chaque résultat
Percentile par nombre de réponses
Votre historique - résultats
Vous n’avez pas pris ce quiz